000 00428pab a2200169 454500
008 180718b2001 xxu||||| |||| 00| 0 eng d
100 _aMishra, Rajendra Kumar
245 _aWeb governance by Madhya Pradesh police
260 _c2001
300 _ap.26-32.
362 _aJul-Sep
650 _aInternet
650 _aPolice - India - Madhya Pradesh
650 _aPolice
773 _aIndian Police Journal
909 _a53536
999 _c53536
_d53536